00370nam a22001337a 4500020001800000082002100018100002200039245007100061260003800132300001000170650001800180650001900198650001900217 a9788119443307 a305.568 8bMUH/K aMuhammed Maheen A aKeralathile dalit munnetangalude charithram/cby Muhammed Maheen A aKozhikode:bPusthakalokam,c2023. a188p. aDalits Kerala aDalits History aSocial Science